[Event "Moscow op-A 14th"]
[Site "Moscow"]
[Date "2018.01.30"]
[Round "4"]
[White "Ahmadov, Orkhan"]
[Black "Kirillov, Dmitry1"]
[Result "1-0"]
[WhiteElo "1375"]
[BlackElo "2086"]
[PlyCount "42"]
[EventDate "2018.01.27"]
[EventType "swiss"]
[EventRounds "9"]
[EventCountry "RUS"]
[SourceTitle "CBM 182 Extra"]
[Source "ChessBase"]
[SourceDate "2018.02.23"]
[SourceVersion "1"]
[SourceVersionDate "2018.02.23"]
[SourceQuality "1"]

1. d4 d5 2. c4 dxc4 3. e3 Nf6 4. Bxc4 e6 5. Nc3 c5 6. Nf3 a6 7. 0-0 b5 8. Bb3 Bb7 9. Qe2 Nbd7 10. Bc2 Bd6 11. b3 cxd4 12. exd4 Rc8 13. Ne4 Be7 14. Bb2 0-0 15. Rfd1 Nxe4 16. Bxe4 Bxe4 17. Qxe4 Nf6 18. Qb7 Rc2 19. Rd2 Rc7 20. Qxa6 Bb4 21. Re2 Qb8 1-0